| 000 | 00372pam a2200145a 44500 | ||
|---|---|---|---|
| 008 | 230405s xxu||||| |||| 00| 0 eng d | ||
| 041 | _aENG | ||
| 100 | _aM.A.SIDDIQI | ||
| 245 | _aHAND BOOK OF BIOCHEMISTRY | ||
| 250 | _a11 2002 | ||
| 260 |
_aCALCUTTA _bSCIENTIFIC BOOK AGENCYPUBLICATION CALCUTTA _c |
||
| 300 | _a278 | ||
| 650 | _aPHARMACEUTICAL CHEMISTRY | ||
| 906 | _a862 | ||
| 999 |
_c266301 _d266301 |
||